[Event "European Online Club-ch-F 2021"]
[Site "Online"]
[Date "2021.03.27"]
[Round "6.2"]
[White "Karaoglan, Doruk"]
[Black "Graeffe, Petri"]
[Result "1-0"]
[WhiteElo "2230"]
[BlackElo "2043"]
[Annotator "NA"]
[PlyCount "59"]
[EventDate "2021.03.27"]
[EventType "team-tourn"]
[EventCountry "NET"]
[SourceTitle "playchess.com"]
[Source "ChessBase"]
[SourceQuality "1"]
[TimeControl "900+5"]

1. e4 {[%emt 0:00:00]} c5 {[%emt 0:00:03]} 2. Nc3 {[%emt 0:00:03]} Nc6 {[%emt 0:00:05]} 3. g3 {[%emt 0:00:03]} e6 {[%emt 0:00:03]} 4. Bg2 {[%emt 0:00:03]} g6 {[%emt 0:00:07]} 5. d3 {[%emt 0:00:03]} Bg7 {[%emt 0:00:03]} 6. Be3 {[%emt 0:00:02]} d6 {[%emt 0:00:10]} 7. f4 {[%emt 0:00:03]} Nge7 {[%emt 0:00:05]} 8. Nf3 {[%emt 0:00:03]} Nd4 {[%emt 0:00:20]} 9. O-O {[%emt 0:00:03]} O-O {[%emt 0:00:06]} 10. e5 {[%emt 0:00:56]} Nef5 {[%emt 0:00:43]} 11. Bf2 {[%emt 0:00:03]} dxe5 {[%emt 0:02:29]} 12. Nxe5 {[%emt 0:00:04]} Qc7 {[%emt 0:02:52]} 13. Ne4 {[%emt 0:03:07]} f6 {[%emt 0:02:01]} 14. Nc4 {[%emt 0:01:13]} b5 {[%emt 0:00:33]} 15. Ncd2 {[%emt 0:00:45]} Rb8 {[%emt 0:03:11]} 16. c3 {[%emt 0:00:48]} Nc6 {[%emt 0:00:04]} 17. Nxc5 {[%emt 0:00:34]} e5 {[%emt 0:00:15]} 18. fxe5 {[%emt 0:00:39]} fxe5 {[%emt 0:00:03]} 19. Nde4 {[%emt 0:01:08]} Bh6 {[%emt 0:00:19]} 20. Qe2 {[%emt 0:00:53]} b4 {[%emt 0:00:35]} 21. Rae1 {[%emt 0:00:48]} Kg7 {[%emt 0:00:31]} 22. g4 {[%emt 0:00:27]} bxc3 {[%emt 0:00:56]} 23. bxc3 {[%emt 0:00:19]} Na5 {[%emt 0:00:02]} 24. gxf5 {[%emt 0:00:10]} gxf5 {[%emt 0:00:02]} 25. Ng3 {[%emt 0:00:19]} f4 {[%emt 0:00:05]} 26. Nh5+ {[%emt 0:00:04]} Kh8 {[%emt 0:00:07]} 27. Qxe5+ {[%emt 0:00:04]} Qxe5 {[%emt 0:00:04]} 28. Rxe5 {[%emt 0:00:02]} Bg7 {[%emt 0:00:09]} 29. Nxg7 {[%emt 0:00:03]} Kxg7 {[%emt 0:00:02]} 30. Bd4 {[%emt 0:00:02]} 1-0

[Event "European Online Club-ch-F 2021"]
[Site "Online"]
[Date "2021.03.27"]
[Round "6.3"]
[White "Puittinen, Mika"]
[Black "Apaydin, Fethi"]
[Result "0-1"]
[WhiteElo "2007"]
[BlackElo "2260"]
[Annotator "NA"]
[PlyCount "49"]
[EventDate "2021.03.27"]
[EventType "team-tourn"]
[EventCountry "NET"]
[SourceTitle "playchess.com"]
[Source "ChessBase"]
[SourceQuality "1"]
[TimeControl "900+5"]

1. c4 {[%emt 0:00:00]} e5 {[%emt 0:00:04]} 2. Nc3 {[%emt 0:00:03]} Nc6 {[%emt 0:00:04]} 3. Nf3 {[%emt 0:00:03]} g6 {[%emt 0:00:10]} 4. d4 {[%emt 0:00:31]} exd4 {[%emt 0:00:07]} 5. Nxd4 {[%emt 0:00:02]} Bg7 {[%emt 0:00:02]} 6. Nc2 {[%emt 0:00:09]} Nf6 {[%emt 0:00:21]} 7. g3 {[%emt 0:00:39]} O-O {[%emt 0:00:50]} 8. Bg2 {[%emt 0:00:23]} Ne5 {[%emt 0:00:47]} 9. Ne3 {[%emt 0:00:38]} d6 {[%emt 0:00:04]} 10. Qc2 {[%emt 0:00:43]} Rb8 {[%emt 0:00:12]} 11. O-O {[%emt 0:00:12]} a6 {[%emt 0:00:09]} 12. f4 {[%emt 0:01:02]} Neg4 {[%emt 0:00:17]} 13. Nxg4 {[%emt 0:00:09]} Nxg4 {[%emt 0:00:08]} 14. Qd3 {[%emt 0:02:23]} c6 {[%emt 0:00:34]} 15. h3 {[%emt 0:01:36]} Qb6+ {[%emt 0:02:36]} 16. e3 {[%emt 0:00:25]} Bf5 {[%emt 0:00:32]} 17. Qe2 {[%emt 0:01:16]} Nf6 {[%emt 0:00:29]} 18. Kh2 {[%emt 0:01:15]} Rfe8 {[%emt 0:00:33]} 19. Rd1 {[%emt 0:03:19]} Rbd8 {[%emt 0:00:47]} 20. e4 {[%emt 0:00:19]} Nxe4 {[%emt 0:01:20]} 21. Nxe4 {[%emt 0:00:04]} Bxe4 {[%emt 0:00:09]} 22. Bxe4 {[%emt 0:00:03]} d5 {[%emt 0:00:39]} 23. Be3 {[%emt 0:01:03]} Rxe4 {[%emt 0:00:16]} 24. Bxb6 {[%emt 0:00:04]} Rxe2+ {[%emt 0:00:02]} 25. Kg1 {[%emt 0:00:04]} 0-1

[Event "European Online Club-ch-F 2021"]
[Site "Online"]
[Date "2021.03.27"]
[Round "6.4"]
[White "Camlar, Arda"]
[Black "Kivilahti, Rami"]
[Result "1-0"]
[WhiteElo "1934"]
[BlackElo "1962"]
[Annotator "NA"]
[PlyCount "67"]
[EventDate "2021.03.27"]
[EventType "team-tourn"]
[EventCountry "NET"]
[SourceTitle "playchess.com"]
[Source "ChessBase"]
[SourceQuality "1"]
[TimeControl "900+5"]

1. g3 {[%emt 0:00:00]} c6 {[%emt 0:00:04]} 2. Bg2 {[%emt 0:00:02]} d5 {[%emt 0:00:01]} 3. Nf3 {[%emt 0:00:01]} Nf6 {[%emt 0:00:02]} 4. c4 {[%emt 0:00:05]} dxc4 {[%emt 0:00:08]} 5. a4 {[%emt 0:00:21]} Be6 {[%emt 0:00:10]} 6. Qc2 {[%emt 0:00:15]} g6 {[%emt 0:00:23]} 7. Ng5 {[%emt 0:00:39]} Bd7 {[%emt 0:00:36]} 8. Qxc4 {[%emt 0:00:10]} e6 {[%emt 0:00:03]} 9. Nc3 {[%emt 0:00:21]} Bg7 {[%emt 0:00:10]} 10. O-O {[%emt 0:00:10]} O-O {[%emt 0:00:04]} 11. d4 {[%emt 0:00:15]} h6 {[%emt 0:00:21]} 12. Nge4 {[%emt 0:00:13]} a5 {[%emt 0:03:23]} 13. Nxf6+ {[%emt 0:02:07]} Qxf6 {[%emt 0:00:12]} 14. Ne4 {[%emt 0:00:03]} Qe7 {[%emt 0:00:13]} 15. Bf4 {[%emt 0:00:13]} e5 {[%emt 0:00:42]} 16. dxe5 {[%emt 0:00:29]} g5 {[%emt 0:01:28]} 17. Nf6+ {[%emt 0:01:12]} Bxf6 {[%emt 0:00:11]} 18. exf6 {[%emt 0:00:03]} Qxf6 {[%emt 0:00:02]} 19. Bd2 {[%emt 0:00:10]} Be6 {[%emt 0:01:02]} 20. Qc1 {[%emt 0:00:33]} Nd7 {[%emt 0:00:47]} 21. Bc3 {[%emt 0:00:22]} Qf5 {[%emt 0:00:13]} 22. f4 {[%emt 0:00:23]} Qc5+ {[%emt 0:01:11]} 23. Kh1 {[%emt 0:00:10]} Bg4 {[%emt 0:00:37]} 24. e4 {[%emt 0:00:37]} f6 {[%emt 0:00:19]} 25. Qc2 {[%emt 0:00:48]} Bh5 {[%emt 0:01:08]} 26. e5 {[%emt 0:02:09]} fxe5 {[%emt 0:01:03]} 27. g4 {[%emt 0:00:12]} Bf7 {[%emt 0:00:25]} 28. Rad1 {[%emt 0:01:13]} Rad8 {[%emt 0:01:16]} 29. fxe5 {[%emt 0:00:12]} Nxe5 {[%emt 0:00:22]} 30. Rxd8 {[%emt 0:00:04]} Rxd8 {[%emt 0:00:08]} 31. Qf5 {[%emt 0:00:02]} Bd5 {[%emt 0:00:32]} 32. Qxe5 {[%emt 0:00:35]} Bxg2+ {[%emt 0:00:05]} 33. Kxg2 {[%emt 0:00:03]} Rd1 {[%emt 0:00:01]} 34. Qh8# {[%emt 0:00:13]} 1-0

[Event "European Online Club-ch-F 2021"]
[Site "Online"]
[Date "2021.03.27"]
[Round "6.5"]
[White "Gorodetzky, Matan"]
[Black "Sochacki, Christophe"]
[Result "0-1"]
[WhiteElo "2253"]
[BlackElo "2477"]
[Annotator "ChessBase"]
[PlyCount "90"]
[EventDate "2021.03.27"]
[EventType "team-tourn"]
[EventCountry "NET"]
[SourceTitle "playchess.com"]
[Source "ChessBase"]
[SourceQuality "1"]
[TimeControl "900+5"]

1. e4 {[%emt 0:00:00]} Nc6 {[%emt 0:00:05]} 2. Nf3 {[%emt 0:00:03]} d5 {[%emt 0:00:02]} 3. exd5 {[%emt 0:00:02]} Qxd5 {[%emt 0:00:01]} 4. Nc3 {[%emt 0:00:02]} Qa5 {[%emt 0:00:03]} 5. h3 {[%emt 0:00:18]} e5 {[%emt 0:00:41]} 6. Bc4 {[%emt 0:00:13]} Bf5 {[%emt 0:04:36]} 7. O-O {[%emt 0:00:41]} Nf6 {[%emt 0:01:23]} 8. Re1 {[%emt 0:01:42]} Bb4 {[%emt 0:00:57]} 9. Bb5 {[%emt 0:00:35]} Bxc3 {[%emt 0:03:21]} 10. Bxc6+ {[%emt 0:00:03]} bxc6 {[%emt 0:00:01]} 11. bxc3 {[%emt 0:00:03]} e4 {[%emt 0:00:01]} 12. Nd4 {[%emt 0:00:20]} Bg6 {[%emt 0:00:47]} 13. Qe2 {[%emt 0:00:45]} O-O {[%emt 0:00:16]} 14. Nxc6 {[%emt 0:00:53]} Qc5 {[%emt 0:00:05]} 15. Nd4 {[%emt 0:00:02]} Qd5 {[%emt 0:00:59]} 16. Qb5 {[%emt 0:00:28]} c5 {[%emt 0:00:07]} 17. Nb3 {[%emt 0:00:02]} Rfc8 {[%emt 0:01:12]} 18. c4 {[%emt 0:00:36]} Qh5 {[%emt 0:00:18]} 19. Bb2 {[%emt 0:00:17]} Rab8 {[%emt 0:00:27]} 20. Qa6 {[%emt 0:00:05]} Bf5 {[%emt 0:00:14]} 21. Bxf6 {[%emt 0:00:23]} Rb6 {[%emt 0:00:09]} 22. Qxa7 {[%emt 0:00:57]} Rxf6 {[%emt 0:00:01]} 23. Re3 {[%emt 0:00:02]} h6 {[%emt 0:00:11]} 24. a4 {[%emt 0:00:12]} Rg6 {[%emt 0:00:07]} 25. Kf1 {[%emt 0:00:07]} Be6 {[%emt 0:00:10]} 26. d3 {[%emt 0:00:42]} f5 {[%emt 0:00:04]} 27. Nxc5 {[%emt 0:01:14]} f4 {[%emt 0:00:01]} 28. Nxe6 {[%emt 0:00:02]} fxe3 {[%emt 0:00:35]} 29. Nf4 {[%emt 0:00:20]} Qe5 {[%emt 0:00:18]} 30. Nxg6 {[%emt 0:00:02]} Qxa1+ {[%emt 0:00:01]} 31. Ke2 {[%emt 0:00:01]} exd3+ {[%emt 0:00:02]} 32. cxd3 {[%emt 0:00:17]} exf2 {[%emt 0:00:15]} 33. Ne7+ {[%emt 0:00:35]} Kh7 {[%emt 0:00:03]} 34. Qxf2 {[%emt 0:00:33]} Re8 {[%emt 0:00:09]} 35. Qf5+ {[%emt 0:00:07]} Kh8 {[%emt 0:00:01]} 36. Qe6 {[%emt 0:00:08]} Qf6 {[%emt 0:00:05]} 37. Qxf6 {[%emt 0:00:20]} gxf6 {[%emt 0:00:03]} 38. d4 {[%emt 0:00:02]} Kg7 {[%emt 0:00:03]} 39. c5 {[%emt 0:00:03]} Kf7 {[%emt 0:00:03]} 40. Kd3 {[%emt 0:00:02]} Kxe7 {[%emt 0:00:03]} 41. d5 {[%emt 0:00:02]} Ra8 {[%emt 0:00:02]} 42. Ke4 {[%emt 0:00:03]} Rxa4+ {[%emt 0:00:02]} 43. Kf5 {[%emt 0:00:01]} Rc4 {[%emt 0:00:09]} 44. d6+ {[%emt 0:00:09]} Kf7 {[%emt 0:00:06]} 45. d7 {[%emt 0:00:09]} Rxc5+ {[%emt 0:00:01]} 0-1

[Event "European Online Club-ch-F 2021"]
[Site "Online"]
[Date "2021.03.27"]
[Round "6.6"]
[White "Maatoug, Redwan"]
[Black "Katkov, Michelle"]
[Result "1-0"]
[WhiteElo "2202"]
[BlackElo "2078"]
[Annotator "NA"]
[PlyCount "91"]
[EventDate "2021.03.27"]
[EventType "team-tourn"]
[EventCountry "NET"]
[SourceTitle "playchess.com"]
[Source "ChessBase"]
[SourceQuality "1"]
[TimeControl "900+5"]

1. e4 {[%emt 0:00:00]} e5 {[%emt 0:00:03]} 2. Nf3 {[%emt 0:00:04]} Nc6 {[%emt 0:00:02]} 3. Bc4 {[%emt 0:00:41]} Bc5 {[%emt 0:00:04]} 4. O-O {[%emt 0:00:13]} Nf6 {[%emt 0:00:07]} 5. b4 {[%emt 0:00:11]} Bxb4 {[%emt 0:00:13]} 6. c3 {[%emt 0:00:02]} Ba5 {[%emt 0:00:20]} 7. d4 {[%emt 0:00:02]} d6 {[%emt 0:00:35]} 8. Bg5 {[%emt 0:00:30]} h6 {[%emt 0:00:08]} 9. Bh4 {[%emt 0:00:16]} Bg4 {[%emt 0:00:22]} 10. Qb3 {[%emt 0:00:06]} Bxf3 {[%emt 0:00:16]} 11. Bxf7+ {[%emt 0:00:23]} Kf8 {[%emt 0:00:08]} 12. gxf3 {[%emt 0:00:01]} exd4 {[%emt 0:00:09]} 13. cxd4 {[%emt 0:00:16]} Nxd4 {[%emt 0:00:08]} 14. Qd3 {[%emt 0:00:29]} Kxf7 {[%emt 0:00:50]} 15. Qxd4 {[%emt 0:00:05]} Qe7 {[%emt 0:00:53]} 16. Na3 {[%emt 0:00:20]} Bb6 {[%emt 0:00:19]} 17. Qd3 {[%emt 0:00:12]} Rhf8 {[%emt 0:00:32]} 18. Nc4 {[%emt 0:00:25]} Kg8 {[%emt 0:00:10]} 19. Ne3 {[%emt 0:00:02]} Bxe3 {[%emt 0:01:49]} 20. fxe3 {[%emt 0:00:03]} Rae8 {[%emt 0:00:12]} 21. Qb3+ {[%emt 0:00:08]} Kh8 {[%emt 0:00:17]} 22. Qxb7 {[%emt 0:00:44]} d5 {[%emt 0:00:03]} 23. Bxf6 {[%emt 0:01:31]} Rxf6 {[%emt 0:00:27]} 24. Qxd5 {[%emt 0:00:02]} Rg6+ {[%emt 0:00:14]} 25. Kh1 {[%emt 0:00:04]} Rd8 {[%emt 0:00:10]} 26. Qf5 {[%emt 0:00:47]} Rg5 {[%emt 0:00:16]} 27. Qh3 {[%emt 0:00:15]} Rd2 {[%emt 0:00:28]} 28. Rad1 {[%emt 0:00:45]} Qd8 {[%emt 0:00:47]} 29. Rxd2 {[%emt 0:00:09]} Qxd2 {[%emt 0:00:02]} 30. f4 {[%emt 0:00:01]} Ra5 {[%emt 0:00:10]} 31. Qg3 {[%emt 0:00:38]} Rxa2 {[%emt 0:00:38]} 32. Rg1 {[%emt 0:01:15]} Qb2 {[%emt 0:01:05]} 33. f5 {[%emt 0:00:29]} c5 {[%emt 0:00:02]} 34. Rd1 {[%emt 0:00:16]} Ra1 {[%emt 0:00:45]} 35. Rxa1 {[%emt 0:00:03]} Qxa1+ {[%emt 0:00:02]} 36. Kg2 {[%emt 0:00:01]} Qb2+ {[%emt 0:00:06]} 37. Kh3 {[%emt 0:00:03]} c4 {[%emt 0:00:33]} 38. e5 {[%emt 0:00:24]} Qc2 {[%emt 0:00:37]} 39. Qf3 {[%emt 0:00:38]} c3 {[%emt 0:00:53]} 40. f6 {[%emt 0:02:27]} gxf6 {[%emt 0:00:28]} 41. exf6 {[%emt 0:00:16]} Kg8 {[%emt 0:02:18]} 42. Qd5+ {[%emt 0:00:08]} Kf8 {[%emt 0:00:39]} 43. Qd8+ {[%emt 0:00:02]} Kf7 {[%emt 0:00:01]} 44. Qe7+ {[%emt 0:00:01]} Kg6 {[%emt 0:00:01]} 45. Qg7+ {[%emt 0:00:02]} Kf5 {[%emt 0:00:03]} 46. Qh7+ {[%emt 0:00:01]} 1-0

[Event "European Online Club-ch-F 2021"]
[Site "Online"]
[Date "2021.03.27"]
[Round "6.7"]
[White "Stolyarsky, Yegor"]
[Black "Cantin, Loic"]
[Result "1-0"]
[WhiteElo "2063"]
[BlackElo "2182"]
[Annotator "NA"]
[PlyCount "155"]
[EventDate "2021.03.27"]
[EventType "team-tourn"]
[EventCountry "NET"]
[SourceTitle "playchess.com"]
[Source "ChessBase"]
[SourceQuality "1"]
[TimeControl "900+5"]

1. d4 {[%emt 0:00:00]} d5 {[%emt 0:00:05]} 2. Nf3 {[%emt 0:00:04]} Nf6 {[%emt 0:00:15]} 3. g3 {[%emt 0:00:04]} c6 {[%emt 0:00:12]} 4. Bg2 {[%emt 0:00:01]} Bf5 {[%emt 0:00:12]} 5. O-O {[%emt 0:00:03]} e6 {[%emt 0:00:07]} 6. c4 {[%emt 0:00:03]} Nbd7 {[%emt 0:00:11]} 7. Nc3 {[%emt 0:00:08]} h6 {[%emt 0:00:06]} 8. b3 {[%emt 0:00:06]} Bd6 {[%emt 0:00:31]} 9. Bb2 {[%emt 0:00:09]} O-O {[%emt 0:00:05]} 10. Nd2 {[%emt 0:00:01]} Qe7 {[%emt 0:02:22]} 11. e4 {[%emt 0:00:05]} dxe4 {[%emt 0:00:04]} 12. Ndxe4 {[%emt 0:00:02]} Nxe4 {[%emt 0:00:04]} 13. Nxe4 {[%emt 0:00:02]} Bb4 {[%emt 0:00:59]} 14. Qe2 {[%emt 0:00:21]} Rfe8 {[%emt 0:00:49]} 15. a3 {[%emt 0:00:23]} Ba5 {[%emt 0:00:06]} 16. b4 {[%emt 0:00:06]} Bc7 {[%emt 0:00:08]} 17. Rfe1 {[%emt 0:00:24]} Rad8 {[%emt 0:01:18]} 18. Rad1 {[%emt 0:00:07]} a5 {[%emt 0:02:45]} 19. Bc3 {[%emt 0:00:19]} Ra8 {[%emt 0:00:59]} 20. d5 {[%emt 0:00:52]} cxd5 {[%emt 0:01:27]} 21. cxd5 {[%emt 0:00:05]} Bxe4 {[%emt 0:00:27]} 22. Qxe4 {[%emt 0:00:35]} Nf6 {[%emt 0:00:56]} 23. Bxf6 {[%emt 0:00:06]} Qxf6 {[%emt 0:00:04]} 24. d6 {[%emt 0:00:09]} Bb6 {[%emt 0:00:12]} 25. Re2 {[%emt 0:00:11]} Rab8 {[%emt 0:00:13]} 26. bxa5 {[%emt 0:01:04]} Bxa5 {[%emt 0:00:03]} 27. Qe5 {[%emt 0:00:12]} Bb6 {[%emt 0:00:30]} 28. Qxf6 {[%emt 0:00:16]} gxf6 {[%emt 0:00:02]} 29. Rb2 {[%emt 0:02:10]} Bc5 {[%emt 0:00:04]} 30. Rb5 {[%emt 0:00:26]} Bxa3 {[%emt 0:00:21]} 31. Rd3 {[%emt 0:00:05]} Bc1 {[%emt 0:00:27]} 32. Rc3 {[%emt 0:00:52]} Rec8 {[%emt 0:00:14]} 33. Rxb7 {[%emt 0:00:12]} Bd2 {[%emt 0:00:11]} 34. Rc2 {[%emt 0:04:09]} Ba5 {[%emt 0:00:03]} 35. d7 {[%emt 0:00:11]} Rxc2 {[%emt 0:00:35]} 36. Rxb8+ {[%emt 0:00:02]} Kg7 {[%emt 0:00:02]} 37. d8=Q {[%emt 0:00:08]} Bxd8 {[%emt 0:00:02]} 38. Rxd8 {[%emt 0:00:00]} Rc1+ {[%emt 0:00:01]} 39. Bf1 {[%emt 0:00:01]} f5 {[%emt 0:00:02]} 40. Kg2 {[%emt 0:00:04]} Rc2 {[%emt 0:00:04]} 41. Bd3 {[%emt 0:00:32]} Rc7 {[%emt 0:00:05]} 42. Bb5 {[%emt 0:00:08]} Rb7 {[%emt 0:00:24]} 43. Bc6 {[%emt 0:00:02]} Rc7 {[%emt 0:00:02]} 44. Bf3 {[%emt 0:00:02]} e5 {[%emt 0:00:08]} 45. Bd5 {[%emt 0:00:06]} Re7 {[%emt 0:00:10]} 46. Kf3 {[%emt 0:00:16]} Ra7 {[%emt 0:00:03]} 47. Rb8 {[%emt 0:00:11]} Ra3+ {[%emt 0:00:05]} 48. Rb3 {[%emt 0:00:04]} Ra7 {[%emt 0:00:03]} 49. Rb7 {[%emt 0:00:03]} Ra3+ {[%emt 0:00:02]} 50. Ke2 {[%emt 0:00:11]} Kg6 {[%emt 0:00:03]} 51. Bxf7+ {[%emt 0:00:11]} Kf6 {[%emt 0:00:01]} 52. Bd5 {[%emt 0:00:27]} e4 {[%emt 0:00:13]} 53. Rb3 {[%emt 0:00:10]} Ra5 {[%emt 0:00:04]} 54. Bg8 {[%emt 0:00:18]} Ke5 {[%emt 0:00:06]} 55. Ke3 {[%emt 0:00:12]} Rc5 {[%emt 0:00:02]} 56. f4+ {[%emt 0:00:20]} exf3 {[%emt 0:00:18]} 57. Kxf3 {[%emt 0:00:02]} Kf6 {[%emt 0:00:02]} 58. Rb6+ {[%emt 0:00:13]} Kg7 {[%emt 0:00:02]} 59. Be6 {[%emt 0:00:11]} Kf6 {[%emt 0:00:12]} 60. Bb3+ {[%emt 0:00:01]} Kg7 {[%emt 0:00:03]} 61. Kf4 {[%emt 0:00:05]} Ra5 {[%emt 0:00:03]} 62. h4 {[%emt 0:00:05]} Rc5 {[%emt 0:00:04]} 63. h5 {[%emt 0:00:06]} Ra5 {[%emt 0:00:03]} 64. Rg6+ {[%emt 0:00:14]} Kh7 {[%emt 0:00:02]} 65. Bc2 {[%emt 0:00:34]} Rc5 {[%emt 0:00:22]} 66. Bxf5 {[%emt 0:00:04]} Kh8 {[%emt 0:00:04]} 67. Rxh6+ {[%emt 0:00:12]} Kg7 {[%emt 0:00:01]} 68. Re6 {[%emt 0:00:04]} Rc4+ {[%emt 0:00:03]} 69. Kg5 {[%emt 0:00:02]} Kf8 {[%emt 0:00:01]} 70. h6 {[%emt 0:00:04]} Kf7 {[%emt 0:00:05]} 71. h7 {[%emt 0:00:07]} Rc8 {[%emt 0:00:16]} 72. Rf6+ {[%emt 0:00:04]} Kg7 {[%emt 0:00:01]} 73. Bxc8 {[%emt 0:00:04]} Kh8 {[%emt 0:00:01]} 74. Rg6 {[%emt 0:00:04]} Kxh7 {[%emt 0:00:03]} 75. Kf6 {[%emt 0:00:04]} Kh8 {[%emt 0:00:02]} 76. Rh6+ {[%emt 0:00:03]} Kg8 {[%emt 0:00:01]} 77. Be6+ {[%emt 0:00:01]} Kf8 {[%emt 0:00:01]} 78. Rh8# {[%emt 0:00:01]} 1-0

[Event "European Online Club-ch-F 2021"]
[Site "Online"]
[Date "2021.03.27"]
[Round "6.8"]
[White "Saatdjian, Stephane"]
[Black "Gleizer, Adar"]
[Result "1-0"]
[WhiteElo "2131"]
[BlackElo "1833"]
[Annotator "NA"]
[PlyCount "81"]
[EventDate "2021.03.27"]
[EventType "team-tourn"]
[EventCountry "NET"]
[SourceTitle "playchess.com"]
[Source "ChessBase"]
[SourceQuality "1"]
[TimeControl "900+5"]

1. e4 {[%emt 0:00:00]} e5 {[%emt 0:00:05]} 2. Bc4 {[%emt 0:00:03]} Nf6 {[%emt 0:00:04]} 3. d3 {[%emt 0:00:02]} Bc5 {[%emt 0:00:02]} 4. Nc3 {[%emt 0:00:04]} Nc6 {[%emt 0:00:04]} 5. f4 {[%emt 0:00:01]} d6 {[%emt 0:00:08]} 6. Nf3 {[%emt 0:00:01]} Bg4 {[%emt 0:00:03]} 7. Na4 {[%emt 0:00:02]} Bb6 {[%emt 0:00:04]} 8. Nxb6 {[%emt 0:00:03]} axb6 {[%emt 0:00:01]} 9. a3 {[%emt 0:00:06]} Nd4 {[%emt 0:00:40]} 10. c3 {[%emt 0:01:37]} Nxf3+ {[%emt 0:00:34]} 11. gxf3 {[%emt 0:00:03]} Bh3 {[%emt 0:00:02]} 12. Rg1 {[%emt 0:02:59]} Nh5 {[%emt 0:02:26]} 13. fxe5 {[%emt 0:03:29]} Qh4+ {[%emt 0:00:19]} 14. Ke2 {[%emt 0:00:03]} dxe5 {[%emt 0:00:25]} 15. Qe1 {[%emt 0:00:38]} Nf4+ {[%emt 0:00:51]} 16. Bxf4 {[%emt 0:00:11]} Qxf4 {[%emt 0:00:25]} 17. Qg3 {[%emt 0:00:09]} Qxg3 {[%emt 0:01:19]} 18. Rxg3 {[%emt 0:00:03]} Be6 {[%emt 0:00:29]} 19. Bxe6 {[%emt 0:00:04]} fxe6 {[%emt 0:00:01]} 20. Rxg7 {[%emt 0:00:02]} O-O-O {[%emt 0:00:07]} 21. Rag1 {[%emt 0:00:06]} Rd7 {[%emt 0:00:14]} 22. Rg8+ {[%emt 0:00:10]} Rxg8 {[%emt 0:00:02]} 23. Rxg8+ {[%emt 0:00:01]} Rd8 {[%emt 0:00:01]} 24. Rxd8+ {[%emt 0:00:34]} Kxd8 {[%emt 0:00:02]} 25. Ke3 {[%emt 0:00:15]} Ke7 {[%emt 0:00:08]} 26. f4 {[%emt 0:00:07]} exf4+ {[%emt 0:00:52]} 27. Kxf4 {[%emt 0:00:03]} Kf6 {[%emt 0:00:28]} 28. d4 {[%emt 0:00:18]} c6 {[%emt 0:00:44]} 29. c4 {[%emt 0:00:25]} b5 {[%emt 0:02:29]} 30. cxb5 {[%emt 0:00:29]} cxb5 {[%emt 0:00:11]} 31. d5 {[%emt 0:00:14]} exd5 {[%emt 0:00:12]} 32. exd5 {[%emt 0:00:03]} h6 {[%emt 0:00:18]} 33. h4 {[%emt 0:00:43]} Ke7 {[%emt 0:00:42]} 34. Ke5 {[%emt 0:00:05]} Kd7 {[%emt 0:00:18]} 35. d6 {[%emt 0:00:10]} b4 {[%emt 0:00:16]} 36. axb4 {[%emt 0:00:17]} Kd8 {[%emt 0:00:05]} 37. Ke6 {[%emt 0:01:23]} Ke8 {[%emt 0:00:04]} 38. h5 {[%emt 0:00:35]} Kd8 {[%emt 0:00:06]} 39. d7 {[%emt 0:00:11]} b5 {[%emt 0:00:07]} 40. b3 {[%emt 0:00:02]} Kc7 {[%emt 0:00:06]} 41. Ke7 {[%emt 0:00:01]} 1-0

[Event "European Online Club-ch-F 2021"]
[Site "Online"]
[Date "2021.03.27"]
[Round "6.9"]
[White "Maghsoodloo, Parham"]
[Black "Hellers, Ferdinand"]
[Result "1-0"]
[WhiteElo "2676"]
[BlackElo "2592"]
[Annotator "ChessBase"]
[PlyCount "47"]
[EventDate "2021.03.27"]
[EventType "team-tourn"]
[EventCountry "NET"]
[SourceTitle "playchess.com"]
[Source "ChessBase"]
[SourceQuality "1"]
[TimeControl "900+5"]

1. d4 {[%emt 0:00:00]} Nf6 {[%emt 0:00:04]} 2. c4 {[%emt 0:00:02]} c5 {[%emt 0:00:04]} 3. d5 {[%emt 0:00:02]} e6 {[%emt 0:00:02]} 4. Nc3 {[%emt 0:00:02]} exd5 {[%emt 0:00:06]} 5. cxd5 {[%emt 0:00:01]} d6 {[%emt 0:00:02]} 6. e4 {[%emt 0:00:03]} g6 {[%emt 0:00:02]} 7. Be2 {[%emt 0:00:01]} Bg7 {[%emt 0:00:02]} 8. Bg5 {[%emt 0:00:02]} h6 {[%emt 0:00:21]} 9. Bh4 {[%emt 0:00:02]} O-O {[%emt 0:00:21]} 10. Nf3 {[%emt 0:00:02]} g5 {[%emt 0:00:30]} 11. Bg3 {[%emt 0:00:02]} Nh5 {[%emt 0:00:01]} 12. Nd2 {[%emt 0:00:01]} Nxg3 {[%emt 0:00:03]} 13. hxg3 {[%emt 0:00:00]} Nd7 {[%emt 0:00:16]} 14. Nc4 {[%emt 0:00:03]} Nf6 {[%emt 0:00:57]} 15. a4 {[%emt 0:00:35]} Rb8 {[%emt 0:01:09]} 16. Qc2 {[%emt 0:00:55]} Re8 {[%emt 0:00:28]} 17. O-O-O {[%emt 0:02:53]} b6 {[%emt 0:03:59]} 18. f4 {[%emt 0:00:03]} Ng4 {[%emt 0:03:52]} 19. Nb5 {[%emt 0:02:30]} Bf8 {[%emt 0:02:03]} 20. Nxa7 {[%emt 0:00:10]} Bd7 {[%emt 0:00:33]} 21. e5 {[%emt 0:00:58]} dxe5 {[%emt 0:00:16]} 22. Nc6 {[%emt 0:00:04]} Qf6 {[%emt 0:00:27]} 23. fxe5 {[%emt 0:02:20]} Nxe5 {[%emt 0:00:20]} 24. Rhf1 {[%emt 0:00:04]} 1-0